000 06390nam a22004937a 4500
005 20120608163511.0
010 _aB-487274-297
020 _a9780143414711
_c210.00
035 _aB-487274-297
037 _bके.के.पब्लिकेशंस
082 _a960
100 _aनायपॉल, वी.एस.
_954725
245 _aद मास्क ऑफ अफ्रीकाः
_cवी.एस. नायपॉलः नवेद अकबर द्वारा अनुदित
_bअफ्रीकी मान्यताओं की झलक/
260 _aनई दिल्ली
_bपेंगुइन बुक्स
_c2011
270 _a11, कम्युनिटी सेंटर, पंचशील पा्र्क
_bनई दिल्ली
_e110017
300 _a269 पृ.
_c22 सें.मी.(सजिल्द)
942 _2ddc
_cHN
_mनायपॉ
_h960
999 _c67743
_d67743